From gangs to God

Enregistré dans:
Détails bibliographiques
Auteur principal: Hawley, Don
Format: Livre
Langue:anglais
Publié: Review and Herald. 1973.
Sujets:
Tags: Ajouter un tag
Pas de tags, Soyez le premier à ajouter un tag!

MARC

LEADER 00000nam a22000005a 4500
001 9401
003 CL-ChBUA
005 20120815103156.0
008 070301s1973 xxu 000 0 eng
040 |a CL-ChBUA  |c CL-ChBUA 
082 0 0 |a 248.246 
090 |c 9401  |d 9401 
100 1 |a Hawley, Don. 
245 1 0 |a From gangs to God 
260 |b Review and Herald.  |c 1973. 
300 |a 93 p.: il.  |b 93 p.: il.  |c 18 cm. 
504 |a Indice. 
650 4 |a VIDA CRISTIANA. 
942 |c LIB 
952 |0 0  |1 0  |4 0  |7 0  |9 13898  |a UNACH  |b UNACH  |c 200  |d 2007-03-05  |i 18.139.  |l 0  |o 248.246 / H 396.  |p 14897  |r 2012-12-27 00:00:00  |u 13898  |w 2012-08-08  |y LIB  |k 248.246 / H 396. 
999 |c 9401  |d 9401